000
00300 a2200157 4500
001
175094
020
_a
040
_c
Magnum
100
_a
-
240
1
0
_a
A caixinha de fogo
_l
por
245
1
0
_a
A caixinha de fogo
362
0
_a
1899
440
1
_a
Loyola
697
_a
IJ/FABULAS
942
_c
BK
999
_c
175094
_d
175094